[Event "Match"]
[Site "www.echecsemail.com"]
[Date "2020.03.05"]
[Round "1"]
[White "Tsezar"]
[Black "Rock0"]
[WhiteElo "1499"]
[BlackElo "1130"]
[Result "1-0"]
[Round "1"]
1.e4 e5
2.f4 exf4
3.Bf1c4 Qd8h4
4.Kf1 Bf8c5
5.d4 Bc5b6
6.Ng1f3 Qh4g4
7.Bc4xf7 Kxf7
8.Nf3e5 Ke8
9.Ne5xg4 d6
10.Bc1xf4 Bc8e6
11.Nb1d2 Ng8e7
12.e5 Ne7d5
13.Ng4h6 Nd5xf4
14.g3 Be6h3
15.Ke1 Nf4g2
16.Ke2 gxh6
17.Kd3 dxe5
18.Qd1h5 Kd8
19.Qh5xh3 Nb8c6
20.Qh3xg2 Ke8
21.Ra1e1 Ra8d8
22.Nd2f3 Bb6xd4
23.Nf3xd4 Nc6b4
24.Kc3 Nb4xa2
25.Kb3  { time }
1-0

[Event "Match"]
[Site "www.echecsemail.com"]
[Date "2020.03.05"]
[Round "1"]
[White "Monxu"]
[Black "Mauro"]
[WhiteElo "1499"]
[BlackElo "1740"]
[Result "1-0"]
[Round "1"]
1.e4 c5
2.Ng1f3 d6
3.d4 cxd4
4.Nf3xd4 Ng8f6
5.Nb1c3 g6
6.Bc1e3 Bf8g7
7.Qd1d2 O-O
8.f3 Nb8c6
9.g4 Bc8d7
10.h4 Nc6e5
11.h5 Ra8c8
12.O-O-O Qd8a5
13.Kb1 Rc8xc3
14.Qd2xc3  { time }
1-0

[Event "Match"]
[Site "www.echecsemail.com"]
[Date "2020.03.05"]
[Round "1"]
[White "Sybje"]
[Black "Monxu"]
[WhiteElo "1820"]
[BlackElo "1659"]
[Result "0-1"]
[Round "1"]
1.d4 f5
2.c4 e6
3.Nb1c3 Ng8f6
4.Bc1f4 Bf8b4
5.Ng1f3 d6
6.e3 Nf6e4
7.Qd1c2 g5
8.Bf4g3 h5
9.h3 Nb8d7
10.Bf1d3 Bb4xc3
11.bxc3 Ne4xg3
12.fxg3 Rh8f8
13.O-O g4
14.Nf3d2 gxh3
15.gxh3 Qd8g5
16.Rf1f3 b6
17.Kh2 h4
18.Nd2f1 Bc8b7
19.Rf3f4 hxg3
20.Nf1xg3 O-O-O
21.Ra1g1 Rf8h8
22.Bd3f1 Rd8g8
 { time }
0-1

[Event "Match"]
[Site "www.echecsemail.com"]
[Date "2020.03.05"]
[Round "1"]
[White "Gigino42"]
[Black "Deth"]
[WhiteElo "1630"]
[BlackElo "1499"]
[Result "1-0"]
[Round "1"]
1.e4 e5
2.Ng1f3 d6
3.d4 exd4
4.Bf1c4 f6
5.O-O c5
6.e5 dxe5
7.Nf3xe5 fxe5
8.Qd1h5 Kd7
9.Qh5f5  { time }
1-0

[Event "Match"]
[Site "www.echecsemail.com"]
[Date "2020.03.05"]
[Round "1"]
[White "Bruno13"]
[Black "Greggglen"]
[WhiteElo "1809"]
[BlackElo "1570"]
[Result "0-1"]
[Round "1"]
1.d4 d5
2.c4 Ng8f6
3.cxd5 Nf6xd5
4.e4 Nd5f6
5.Nb1c3 b6
6.Ng1f3 Bc8b7
7.e5 Nf6d5
8.e6 f6
9.Bf1b5 c6
10.Bb5c4 Bb7c8
11.Bc4xd5 cxd5
12.Qd1a4 Nb8d7
13.exd7 Bc8xd7
14.Qa4b3 Bd7c6
15.O-O a6
16.Bc1f4 e6
 { time }
0-1

[Event "Match"]
[Site "www.echecsemail.com"]
[Date "2020.03.05"]
[Round "1"]
[White "Deanblee"]
[Black "Perrimeison"]
[WhiteElo "1599"]
[BlackElo "1809"]
[Result "1-0"]
[Round "1"]
1.e4 e5
2.Ng1f3 Nb8c6
3.Bf1b5 Nc6d4
4.Nf3xd4 exd4
5.O-O c6
6.Bb5c4 d5
7.exd5 cxd5
8.Bc4b5 Bc8d7
9.Qd1e2 Bf8e7
10.b3 Bd7xb5
11.Qe2xb5 Qd8d7
12.Qb5d3  { time }
1-0

[Event "Match"]
[Site "www.echecsemail.com"]
[Date "2020.03.05"]
[Round "1"]
[White "Thebeast"]
[Black "Duro"]
[WhiteElo "1480"]
[BlackElo "1499"]
[Result "0-1"]
[Round "1"]
1.d4 g6
2.Ng1f3 Bf8g7
3.Bc1f4 Ng8f6
4.e3 d6
5.Bf1b5 c6
6.Bb5a4 Nb8d7
7.Nf3g5 Nf6h5
8.Qd1f3 Nh5xf4
9.Qf3xf4 O-O
10.Qf4h4 h6
11.Ng5h3 Qd8a5
12.Nb1d2 Qa5xa4
13.Nd2b3 Rf8e8
14.O-O Nd7e5
15.Nh3f4 g5
 { time }
0-1

[Event "Match"]
[Site "www.echecsemail.com"]
[Date "2020.03.05"]
[Round "1"]
[White "Pixibliss"]
[Black "Raven"]
[WhiteElo "1499"]
[BlackElo "1499"]
[Result "1-0"]
[Round "1"]
1.g4 a5
2.a3 Ra8a6
3.h3 Ng8f6
4.Bf1g2 e5
5.e3 Bf8b4
6.axb4 axb4
7.Nb1a3 bxa3
8.bxa3 d5
9.Bg2f1 Nf6e4
10.Bf1xa6 bxa6
11.Bc1b2 a5
12.Bb2xe5 f6
13.Be5f4 c5
14.Bf4xb8 Rh8f8
15.Qd1f3 Ne4g3
16.Qf3xg3 Qd8d6
17.Bb8xd6 c4
18.Ra1b1 g5
19.Rb1b8 Kd7
20.Rb8b5 Bc8a6
21.Rb5xd5 Rf8e8
22.Rd5xa5 Re8e4
23.Ra5e5 Re4xe5
24.Qg3xe5 fxe5
25.Bd6xe5 Ba6b5
26.Ng1f3 Bb5c6
27.Nf3xg5 h6
28.Rh1g1 hxg5
29.a4 Bc6xa4
30.Rg1g3 Ba4xc2
31.Rg3f3 Bc2e4
32.Rf3f7 Kc6
33.Rf7f8 Kb5
34.Rf8b8 Ka4
35.Be5d6 Be4g2
36.Rb8b6 Bg2e4
37.Rb6b4 Ka3
38.Rb4xc4 Kb2
39.Rc4xe4 Kc1
40.Bd6a3 Kc2
41.Re4c4 Kd3
42.Rc4d4 Kc2
43.f4 gxf4
44.exf4  { time }
1-0

[Event "Match"]
[Site "www.echecsemail.com"]
[Date "2020.03.05"]
[Round "1"]
[White "Puffer"]
[Black "Michly240"]
[WhiteElo "1880"]
[BlackElo "1240"]
[Result "1-0"]
[Round "1"]
1.e4 c6
2.d4 d5
3.Nb1c3 dxe4
4.Nc3xe4 Bc8f5
5.Ne4g3 Bf5g6
6.Ng1f3 Nb8d7
7.Nf3h4 e6
8.Nh4xg6 hxg6
9.Bc1d2  { time }
1-0

[Event "Match"]
[Site "www.echecsemail.com"]
[Date "2020.03.05"]
[Round "1"]
[White "Bartek"]
[Black "Duro"]
[WhiteElo "1400"]
[BlackElo "1499"]
[Result "1-0"]
[Round "1"]
1.e4 g6
2.Bf1c4 d6
3.Ng1f3 Bf8g7
4.c3 Ng8f6
5.d3 O-O
6.Bc1g5 Nb8d7
7.O-O c6
8.Bg5xf6 Bg7xf6
9.Nb1d2 e5
10.d4 Qd8c7
11.d5 cxd5
12.Bc4xd5 Nd7c5
13.Nd2c4 Bf6g7
14.b4 Nc5xe4
15.Bd5xe4  { time }
1-0

[Event "Match"]
[Site "www.echecsemail.com"]
[Date "2020.03.05"]
[Round "1"]
[White "Pimpandoer"]
[Black "Drkasparov"]
[WhiteElo "1970"]
[BlackElo "1809"]
[Result "1-0"]
[Round "1"]
1.d4 Ng8f6
2.Ng1f3 g6
3.Nb1d2 d5
4.e3 Bf8g7
5.Bf1d3 c5
6.c3 O-O
7.O-O Bc8f5
8.Bd3xf5 gxf5
9.dxc5 Nb8a6
10.Nf3d4 Qd8d7
11.Qd1c2 e6
12.b4 Ra8c8
13.Bc1b2 b6
14.c6 Qd7d6
15.b5  { time }
1-0

[Event "Match"]
[Site "www.echecsemail.com"]
[Date "2020.03.05"]
[Round "1"]
[White "Irish"]
[Black "Jesus"]
[WhiteElo "1390"]
[BlackElo "1460"]
[Result "0-1"]
[Round "1"]
1.d4 d5
2.Ng1f3 e6
3.Nb1c3 c6
4.g3 Bf8b4
5.a3 Bb4xc3
6.bxc3 Ng8e7
7.Bc1b2 O-O
8.e3 Nb8d7
9.Nf3d2 Qd8a5
10.c4 Nd7b6
11.c3 a6
12.c5 Nb6a4
13.Qd1c2 b5
14.Bf1d3 g6
15.e4 Bc8d7
 { time }
0-1

[Event "Match"]
[Site "www.echecsemail.com"]
[Date "2020.03.05"]
[Round "1"]
[White "Dudubz"]
[Black "Gigglebet"]
[WhiteElo "1540"]
[BlackElo "1199"]
[Result "1-0"]
[Round "1"]
1.e4 e5
2.Nb1c3 Ng8f6
3.f4 exf4
4.d4 Bf8b4
5.Bc1d2 Bb4xc3
6.bxc3 Nf6xe4
7.Qd1e2 Qd8h4
8.g3 fxg3
9.Ng1f3  { time }
1-0

[Event "Match"]
[Site "www.echecsemail.com"]
[Date "2020.03.05"]
[Round "1"]
[White "Chubb"]
[Black "Bandi611"]
[WhiteElo "1800"]
[BlackElo "1179"]
[Result "1-0"]
[Round "1"]
1.e4 e5
2.Ng1f3 Nb8c6
3.Bf1b5 Nc6d4
4.Nf3xd4 exd4
5.O-O c5
6.d3 a6
7.Bb5a4 b5
8.Ba4b3 Ng8f6
9.Bc1g5 h6
10.Bg5h4 g5
11.Bh4g3  { time }
1-0

[Event "Match"]
[Site "www.echecsemail.com"]
[Date "2020.03.05"]
[Round "1"]
[White "Duro"]
[Black "Bragoen"]
[WhiteElo "1499"]
[BlackElo "1739"]
[Result "0-1"]
[Round "1"]
1.Ng1f3 d5
2.g3 c6
3.Bf1g2 Bc8g4
4.h3 Bg4xf3
5.Bg2xf3 Ng8f6
6.d3 e5
7.e4 dxe4
8.dxe4 Qd8xd1
9.Kxd1 Nb8a6
10.Ke2 O-O-O
11.Bc1g5 Bf8c5
12.c3 Na6c7
13.Nb1d2 Nc7e6
14.h4 Kc7
15.Nd2b3 Ne6xg5
16.hxg5 Nf6d7
17.Bf3g4 Bc5e7
18.Bg4xd7 Rd8xd7
19.f4 exf4
20.gxf4 h6
21.gxh6 gxh6
22.Rh1h5 Be7f8
23.Ra1d1 Rd7xd1
24.Kxd1 Rh8g8
25.Rh5f5 Rg8g7
26.Nb3d4 Kd7
27.Rf5f6 Ke7
28.e5 Rg7g1
29.Kc2 Rg1g2
 { time }
0-1

[Event "Match"]
[Site "www.echecsemail.com"]
[Date "2020.03.05"]
[Round "1"]
[White "Bartek"]
[Black "Notme"]
[WhiteElo "1390"]
[BlackElo "1499"]
[Result "1-0"]
[Round "1"]
1.e4 e5
2.Bf1c4 Ng8h6
3.d3 b6
4.Ng1f3 Bc8a6
5.Bc4xa6 Nb8xa6
6.O-O Na6c5
7.Nf3xe5 c6
8.Bc1xh6 gxh6
9.Nb1c3 Bf8d6
10.d4 Nc5e6
11.Qd1h5 Rh8f8
12.Qh5xh6 Ne6xd4
13.Qh6xd6 Nd4e6
14.Ra1d1 Rf8g8
15.Qd6xd7  { time }
1-0

[Event "Match"]
[Site "www.echecsemail.com"]
[Date "2020.03.05"]
[Round "1"]
[White "Havryluk"]
[Black "Mogi"]
[WhiteElo "1209"]
[BlackElo "1499"]
[Result "1-0"]
[Round "1"]
1.e4 d5
2.exd5 Qd8xd5
3.Nb1c3 Qd5c5
4.d4 Qc5c6
5.Bf1b5 Qc6xb5
6.Nc3xb5 Nb8c6
7.Nb5xc7 Kd8
8.Nc7xa8 Ng8f6
9.d5 Nc6e5
10.Ng1f3 Ne5g4
11.O-O g6
12.Nf3e5 Bf8h6
13.Ne5xf7 Kd7
14.Nf7xh8 b6
15.Nh8f7 Ke8
16.Nf7xh6 Ng4e5
17.Na8c7 Kd8
18.Nc7e6 Ke8
19.a4 a6
20.a5  { time }
1-0

[Event "Match"]
[Site "www.echecsemail.com"]
[Date "2020.03.05"]
[Round "1"]
[White "Arwingert"]
[Black "Deathnoteeru"]
[WhiteElo "1069"]
[BlackElo "1499"]
[Result "1-0"]
[Round "1"]
1.d4 Nb8c6
2.c3 Ng8f6
3.f3 e5
4.dxe5 Nc6xe5
5.Ng1h3 d5
6.b4 Bc8xh3
7.Bc1e3 Bh3f5
8.Nb1a3 Bf8d6
9.Be3g5 h6
10.Bg5xf6 gxf6
11.Qd1xd5 c6
12.Qd5b3 a5
13.f4  { time }
1-0

[Event "Match"]
[Site "www.echecsemail.com"]
[Date "2020.03.05"]
[Round "1"]
[White "Jasonknox"]
[Black "Schlaffi"]
[WhiteElo "1370"]
[BlackElo "999"]
[Result "1-0"]
[Round "1"]
1.c4 e5
2.b3 Nb8c6
3.a4 Nc6b4
4.d4 d6
5.c5 f6
6.cxd6 cxd6
7.dxe5 fxe5
8.Bc1a3 d5
9.Qd1d2  { time }
1-0

[Event "Match"]
[Site "www.echecsemail.com"]
[Date "2020.03.05"]
[Round "1"]
[White "Evora"]
[Black "Merluin"]
[WhiteElo "1799"]
[BlackElo "2140"]
[Result "1-0"]
[Round "1"]
1.e4 c5
2.Ng1f3 d6
3.d4 cxd4
4.Nf3xd4 Ng8f6
5.Nb1c3 a6
6.Bc1e3 e5
7.Nd4b3 Bf8e7
8.f3 Bc8e6
9.Nc3d5 Nf6xd5
10.exd5 Be6f5
11.Bf1d3 Bf5xd3
12.Qd1xd3 Nb8d7
13.O-O O-O
14.f4 b5
15.c3 Ra8c8
16.Ra1d1 Be7f6
17.Kh1 Rf8e8
18.Qd3f5 Qd8e7
19.Be3g1 g6
20.Qf5h3  { time }
1-0

[Event "Match"]
[Site "www.echecsemail.com"]
[Date "2020.03.05"]
[Round "1"]
[White "Masterking"]
[Black "Saidov"]
[WhiteElo "1420"]
[BlackElo "1809"]
[Result "1-0"]
[Round "1"]
1.c4 c6
2.d4 d5
3.c5 Ng8f6
4.Ng1f3 Bc8f5
5.Nb1c3 Nb8d7
6.Bc1f4 h6
7.e3 g5
8.Bf4e5  { time }
1-0

[Event "Match"]
[Site "www.echecsemail.com"]
[Date "2020.03.06"]
[Round "1"]
[White "Hollis1us"]
[Black "Tsezar"]
[WhiteElo "1690"]
[BlackElo "1779"]
[Result "1-0"]
[Round "1"]
1.e4 c5
2.Ng1f3 d6
3.h3 Ng8f6
4.Nb1c3 g6
5.d4 cxd4
6.Nf3xd4 Bf8g7
7.Bf1b5 Bc8d7
8.O-O Bd7xb5
9.Nd4xb5 a6
10.Nb5d4 Nb8d7
11.Rf1e1 O-O
12.Bc1g5 b5
13.Nd4c6 Qd8c7
14.Nc6xe7 Kh8
15.Bg5xf6 Nd7xf6
16.Ne7d5 Nf6xd5
17.Nc3xd5 Qc7d8
18.c3 Ra8c8
19.Qd1b3 Rc8c4
20.a4 Qd8b8
21.axb5 axb5
22.Ra1a5 Rf8c8
23.Ra5xb5 Qb8a7
24.Rb5b7  { time }
1-0

[Event "Match"]
[Site "www.echecsemail.com"]
[Date "2020.03.06"]
[Round "1"]
[White "Stepas"]
[Black "Vovaspilberg"]
[WhiteElo "1599"]
[BlackElo "1889"]
[Result "1-0"]
[Round "1"]
1.e4 e5
2.Ng1f3 Nb8c6
3.Bf1b5 a6
4.Bb5a4 Ng8f6
5.d3 Bf8c5
6.Bc1g5 h6
7.Bg5h4 d6
8.Nb1c3 g5
9.Bh4g3 Bc8g4
10.h3 Bg4h5
11.Qd1d2 b5
12.Nc3xb5 axb5
13.Ba4xb5  { time }
1-0

[Event "Match"]
[Site "www.echecsemail.com"]
[Date "2020.03.06"]
[Round "1"]
[White "Bandi611"]
[Black "Hopsakee"]
[WhiteElo "1179"]
[BlackElo "1320"]
[Result "0-1"]
[Round "1"]
1.e4 e5
2.c3 g6
3.Ng1f3 d6
4.h4 c5
5.a4 Ng8f6
6.d3 Nb8c6
7.c4 h5
8.b3 Qd8a5
9.Bc1d2 Nc6b4
10.Bd2xb4 Qa5xb4
11.Nf3d2 Nf6g4
12.f3 Ng4e3
13.Qd1c1 Bf8h6
 { time }
0-1

[Event "Match"]
[Site "www.echecsemail.com"]
[Date "2020.03.06"]
[Round "1"]
[White "Alib"]
[Black "Alp"]
[WhiteElo "1620"]
[BlackElo "1170"]
[Result "0-1"]
[Round "1"]
1.e4 e5
2.Ng1f3 Nb8c6
3.d4 exd4
4.Bf1c4 Ng8f6
5.Nf3xd4 Nf6xe4
6.Nd4xc6 dxc6
7.Qd1xd8 Kxd8
8.Bc4xf7 Bf8b4
9.c3 Bb4c5
10.O-O Rh8f8
11.Bc1e3 Bc5b6
12.Be3xb6 cxb6
13.Rf1d1 Bc8d7
14.Bf7e6 Ne4c5
15.b4 Nc5xe6
16.Nb1a3 Kc7
17.c4 Ra8d8
18.h3 c5
19.bxc5 Ne6xc5
20.Na3b5 Kb8
21.Nb5c3 Bd7e6
22.Ra1c1 Rd8xd1
23.Rc1xd1 Be6xc4
24.Rd1d7 Nc5xd7
 { time }
0-1

[Event "Match"]
[Site "www.echecsemail.com"]
[Date "2020.03.06"]
[Round "1"]
[White "Aszxzx"]
[Black "Kyredneck"]
[WhiteElo "1499"]
[BlackElo "1640"]
[Result "0-1"]
[Round "1"]
1.e4 c5
2.Ng1f3 d6
3.Bf1c4 g6
4.Nb1c3 Bf8g7
5.d3 Ng8f6
6.h3 O-O
7.Bc1e3 Nb8c6
8.Qd1d2 Nc6b4
9.g4 d5
10.exd5 Nf6xd5
11.Be3xc5 Nd5xc3
12.Bc5xb4 Nc3d5
13.Bb4a3 Nd5b6
14.Bc4b3 a5
15.c3 a4
16.Bb3c2 Qd8d5
17.Qd2e2 Rf8e8
18.Qe2e4 Bc8e6
19.Nf3d2 Nb6c8
20.f3 Nc8b6
 { time }
0-1

[Event "Match"]
[Site "www.echecsemail.com"]
[Date "2020.03.06"]
[Round "1"]
[White "Stefanmate"]
[Black "Cmturk"]
[WhiteElo "1499"]
[BlackElo "1499"]
[Result "0-1"]
[Round "1"]
1.c4 e6
2.g3 f5
3.Bf1g2 Ng8f6
4.Nb1c3 c6
5.e3 d5
6.cxd5 exd5
7.Ng1e2 Bf8d6
8.O-O O-O
9.d4 Nb8d7
10.Bc1d2 Nf6e4
 { time }
0-1

[Event "Match"]
[Site "www.echecsemail.com"]
[Date "2020.03.06"]
[Round "1"]
[White "Bonafous"]
[Black "Jandark"]
[WhiteElo "1260"]
[BlackElo "1499"]
[Result "1-0"]
[Round "1"]
1.d4 d5
2.Nb1c3 Ng8f6
3.Bc1g5 h6
4.Bg5h4 Nb8c6
5.e3 g5
6.Bh4g3 e5
7.dxe5 Nf6h5
8.Bf1b5 Nh5g7
9.Ng1f3 Qd8e7
10.O-O a6
11.Nc3xd5 Bc8e6
12.Bb5xc6 bxc6
13.Nd5c3 Ng7f5
14.e4  { time }
1-0

[Event "Match"]
[Site "www.echecsemail.com"]
[Date "2020.03.06"]
[Round "1"]
[White "Frufru"]
[Black "Nestor"]
[WhiteElo "1809"]
[BlackElo "1880"]
[Result "0-1"]
[Round "1"]
1.e4 Ng8f6
2.e5 Nf6d5
3.d4 d6
4.c4 Nd5b6
5.f4 dxe5
6.fxe5 g6
7.Ng1f3 Bf8g7
8.Bc1e3 O-O
9.Nb1c3 Nb8c6
 { time }
0-1

[Event "Match"]
[Site "www.echecsemail.com"]
[Date "2020.03.06"]
[Round "1"]
[White "Sisou96"]
[Black "Patrickmtl"]
[WhiteElo "1839"]
[BlackElo "1220"]
[Result "0-1"]
[Round "1"]
1.e4 e5
2.Ng1f3 Nb8c6
3.Bf1b5 Ng8f6
4.O-O Bf8d6
5.d4 Nf6xe4
6.Rf1e1 f5
7.Bb5xc6 dxc6
8.dxe5 Bd6c5
9.Qd1xd8 Kxd8
10.Bc1e3 b6
11.Be3xc5 Ne4xc5
12.Nb1c3 Rh8e8
13.Ra1d1 Bc8d7
14.Nf3d4 Nc5e4
15.Nc3xe4 fxe4
16.Re1xe4 c5
17.Nd4e2 a5
 { time }
0-1

[Event "Match"]
[Site "www.echecsemail.com"]
[Date "2020.03.06"]
[Round "1"]
[White "Schoolplay"]
[Black "Cumhur"]
[WhiteElo "2029"]
[BlackElo "1419"]
[Result "0-1"]
[Round "1"]
1.g3 e5
2.Bf1g2 Nb8c6
3.d3 Ng8f6
4.Ng1f3 Bf8c5
5.O-O d6
6.c3 Nf6g4
7.h3 Ng4xf2
8.Rf1xf2 Bc5xf2
9.Kxf2 O-O
10.Kg1 Bc8f5
11.Nb1d2 h6
12.Nd2f1 Rf8e8
 { time }
0-1

[Event "Tourn. n10297"]
[Site "www.echecsemail.com"]
[Date "2020.03.06"]
[Round "1"]
[White "Fantomas"]
[Black "Agmdiazj"]
[WhiteElo "2180"]
[BlackElo "2019"]
[Result "0-1"]
[Round "1"]
1.e4 c5
2.Ng1f3 d6
3.d4 cxd4
4.Nf3xd4 Ng8f6
5.Nb1c3 e6
6.Bf1e2 a6
7.O-O Bf8e7
8.Nd4b3 O-O
9.Bc1e3 Qd8c7
10.Nc3a4 Nb8d7
11.f3 b5
12.Na4c3 Bc8b7
13.Be2d3 d5
14.exd5 Nf6xd5
15.Nc3xd5 Bb7xd5
16.Nb3d2 Be7c5
17.Qd1e2 Nd7e5
18.Be3xc5 Qc7xc5
19.Rf1f2 Ne5xd3
20.Qe2xd3 Rf8d8
21.Nd2e4 Qc5b6
22.Qd3e2 Ra8c8
23.g3 Bd5c4
24.Qe2e1 Rd8d7
25.Kg2 Rc8d8
26.Rf2d2 Rd7xd2
27.Ne4xd2 Bc4d5
28.c3 Bd5b7
29.Ra1d1 Qb6d6
30.Kf2 Qd6d3
31.Qe1e2 Qd3d5
32.a3 Qd5h5
33.Nd2f1 Rd8d5
34.f4 Qh5xe2
35.Kxe2 Kf8
36.Rd1xd5 Bb7xd5
37.Kd3 Bd5c4
{ resign }
0-1

[Event "Match"]
[Site "www.echecsemail.com"]
[Date "2020.03.06"]
[Round "1"]
[White "Guidom"]
[Black "Coraza"]
[WhiteElo "2130"]
[BlackElo "1840"]
[Result "1-0"]
[Round "1"]
1.e4 e5
2.Ng1f3 Nb8c6
3.Bf1b5 Nc6d4
4.Nb1c3 f6
5.Nf3xd4 exd4
6.Nc3e2 c6
7.Bb5a4 Bf8c5
8.O-O Ng8e7
9.Ba4b3 Qd8c7
10.c3 d3
11.Ne2g3 Bc5d6
12.Qd1g4 g5
13.Qg4h5 Ne7g6
14.Ng3f5 Bd6f8
15.Rf1e1 b6
16.e5 d6
17.exd6 Kd7
18.dxc7 Kxc7
19.Nf5d4 Bc8d7
20.Nd4e6 Bd7xe6
21.Re1xe6 Kd7
22.Qh5f3 Ng6e5
23.Qf3xf6 Ne5g6
24.Re6xc6 Bf8e7
25.Qf6e6 Kd8
26.Qe6d5 Ke8
27.Rc6xg6 Ra8d8
28.Bb3a4 Kf8
29.Qd5f5 { resign }
1-0

[Event "Tourn. n10303"]
[Site "www.echecsemail.com"]
[Date "2020.03.06"]
[Round "1"]
[White "Aders1"]
[Black "Jazzy"]
[WhiteElo "2350"]
[BlackElo "2250"]
[Result "1/2-1/2"]
[Round "1"]
1.Ng1f3 d5
2.g3 f5
3.Bf1g2 e6
4.O-O Ng8f6
5.c4 c6
6.b3 Bf8e7
7.d3 O-O
8.Bc1b2 Bc8d7
9.Nb1d2 Bd7e8
10.Qd1c2 Nb8d7
11.e4 fxe4
12.dxe4 Be8g6
13.Nf3d4 Nd7c5
14.b4 e5
15.Nd4xc6 bxc6
16.bxc5 d4
17.Rf1e1 Be7xc5
18.Qc2a4 Bg6e8
19.Nd2b3 Bc5e7
20.Ra1d1 c5
21.Qa4a3 Qd8c7
22.Nb3c1 Be8f7
23.Qa3a4 Ra8b8
24.Nc1d3 Rb8b7
25.f4 Rb7xb2
26.Nd3xb2 Nf6g4
27.Nb2d3 exf4
28.gxf4 Ng4e3
29.Rd1c1 g5
30.Qa4a6 gxf4
31.Qa6h6 Be7d6
32.Qh6g5 Bf7g6
33.Bg2f3 Kg7
34.Kf2 Bd6e7
35.Qg5e5 Qc7xe5
36.Nd3xe5 Be7h4
37.Ke2 Bh4xe1
38.Kxe1 Rf8c8
39.Ne5d3 Rc8c7
{ draw }
1/2-1/2

[Event "Match"]
[Site "www.echecsemail.com"]
[Date "2020.03.06"]
[Round "1"]
[White "Timoleon"]
[Black "Alib"]
[WhiteElo "1499"]
[BlackElo "1690"]
[Result "0-1"]
[Round "1"]
1.e4 e5
2.f4 d6
3.Ng1f3 Nb8c6
4.c3 Bc8g4
5.h4 Ng8f6
6.Bf1b5 Qd8d7
7.O-O Bg4xf3
8.Qd1xf3 Bf8e7
9.fxe5 dxe5
10.d3 a6
11.Bb5a4 b5
12.Ba4b3 b4
13.c4 Nc6d4
14.Qf3d1 Be7c5
 { time }
0-1

[Event "Tourn. n10300"]
[Site "www.echecsemail.com"]
[Date "2020.03.06"]
[Round "1"]
[White "Agmdiazj"]
[Black "Malbertan"]
[WhiteElo "2059"]
[BlackElo "2060"]
[Result "1-0"]
[Round "1"]
1.d4 Ng8f6
2.c4 c5
3.d5 b5
4.cxb5 a6
5.bxa6 Bc8xa6
6.Nb1c3 d6
7.e4 Ba6xf1
8.Kxf1 Nb8d7
9.g3 Qd8b6
10.Kg2 Nd7e5
11.f4 Ne5d7
12.Ng1f3 g6
13.Rh1e1 Bf8g7
14.a4 O-O
15.Nc3b5 Rf8b8
16.Qd1c2 Nf6e8
17.Bc1d2 Ne8c7
18.Nb5xc7 Qb6xc7
19.Bd2c3 Nd7b6
20.Bc3xg7 Kxg7
21.b4 Rb8c8
22.Re1c1 c4
23.Nf3d4 Qc7d7
24.a5 { resign }
1-0

[Event "Match"]
[Site "www.echecsemail.com"]
[Date "2020.03.06"]
[Round "1"]
[White "Ll69"]
[Black "Cal"]
[WhiteElo "2290"]
[BlackElo "1750"]
[Result "1-0"]
[Round "1"]
1.d4 d5
2.Ng1f3 h6
3.c4 dxc4
4.e4 Bc8g4
5.Bf1xc4 e6
6.Nb1d2 Bf8b4
7.Qd1a4 Nb8c6
8.d5 Bb4xd2
9.Nf3xd2 exd5
10.exd5 Qd8e7
11.Kf1 Bg4d7
12.dxc6 Bd7xc6
13.Bc4b5 Qe7d6
14.Bb5xc6 bxc6
15.Nd2c4 Ng8e7
16.Nc4xd6 cxd6
17.Bc1f4 O-O
18.Bf4xd6 Rf8e8
19.Bd6xe7 Re8xe7
20.Qa4xc6 Ra8e8
21.g3 Re7e6
22.Qc6c5 a6
23.Kg2 g5
24.Qc5c3 { resign }
1-0

[Event "Match"]
[Site "www.echecsemail.com"]
[Date "2020.03.06"]
[Round "1"]
[White "Hundegana"]
[Black "Ztornad"]
[WhiteElo "1990"]
[BlackElo "1980"]
[Result "1-0"]
[Round "1"]
1.c4 g6
2.Nb1c3 Bf8g7
3.f3 e5
4.e4 Qd8h4
5.g3 Qh4e7
6.Ng1e2 Nb8c6
7.Nc3d5 Qe7d6
8.a3 Ng8f6
9.Qd1c2 Nc6d4
10.Ne2xd4 Nf6xd5
11.cxd5 exd4
12.d3 O-O
13.Bc1f4 Bg7e5
14.Bf4h6 Rf8e8
15.Ra1c1 c6
16.f4 Be5g7
17.Bh6xg7 Kxg7
18.Qc2f2 c5
19.Bf1g2 f6
20.O-O Qd6c7
21.Rc1c2 b6
22.b4 d6
23.Qf2xd4 Bc8a6
24.Qd4b2 Ba6xd3
25.e5 dxe5
26.d6 Qc7d7
27.Bg2xa8 Bd3xc2
28.Qb2xc2 Re8xa8
29.fxe5 fxe5
30.bxc5 Qd7c6
31.Rf1c1 b5
32.Qc2e2 Ra8d8
33.Qe2xe5 Kh6
34.h4 Qc6f3
35.Rc1e1 Qf3f5
36.Qe5xf5 gxf5
37.Kf2 Kg6
38.Kf3 a5
39.Re1e7 h5
40.Ke3 b4
41.axb4 axb4
42.Re7b7 Rd8e8
43.Kd3 Re8e5
44.Kd4 Re5e4
45.Kd5 Re4e3
46.d7 Re3xg3
47.Rb7xb4 Rg3d3
48.Kc6 Kf7
49.Kc7 Ke7
50.c6 Rd3d5
51.Kc8 Rd5d6
52.Rb4c4 f4
53.Rc4e4 Kf7
54.Re4xf4 Kg6
55.d8Q Rd6xc6
56.Kb7 Rc6c1
57.Qd8g5 Kh7
58.Rf4f7 Kh8
59.Qg5g7 { resign }
1-0

[Event "1/128 Finale"]
[Site "www.chess-mail.com"]
[Date "2020.03.06"]
[Round "1"]
[White "Cal"]
[Black "Gyutan"]
[WhiteElo "1730"]
[BlackElo "1499"]
[Result "0-1"]
[Round "1"]
1.c4 e5
2.e4 Bf8c5
3.Ng1f3 Nb8c6
4.a3 a5
5.Nb1c3 d6
6.h3 Ng8e7
7.d3 O-O
8.Bc1g5 h6
9.Bg5xe7 Qd8xe7
10.Nc3d5 Qe7d8
11.Bf1e2 Nc6d4
12.b3 c6
13.Nd5e3 Qd8b6
14.Nf3d2 Nd4e6
15.Ne3g4 h5
16.Ng4h2 Bc5xf2
17.Kf1 Bf2g3
18.d4 Qb6xd4
{ resign }
0-1

[Event "JM Torneio 4"]
[Site "www.echecsemail.com"]
[Date "2020.03.06"]
[Round "1"]
[White "Josemendes"]
[Black "Norlavuaram"]
[WhiteElo "2080"]
[BlackElo "1770"]
[Result "0-1"]
[Round "1"]
1.b4 c6
2.Bc1b2 d5
3.Ng1f3 e6
4.a3 f5
5.e3 Ng8f6
6.c4 Bf8e7
7.cxd5 exd5
8.Bf1e2 O-O
9.O-O Be7d6
10.Bb2xf6 Qd8xf6
 { time }
0-1

[Event "JM Torneio 5"]
[Site "www.echecsemail.com"]
[Date "2020.03.06"]
[Round "1"]
[White "Chesskicker"]
[Black "Josemendes"]
[WhiteElo "1299"]
[BlackElo "2020"]
[Result "0-1"]
[Round "1"]
1.g3 d5
2.Bf1g2 c6
3.e3 Ng8f6
4.d4 Bc8f5
5.Ng1e2 Nb8d7
6.O-O e6
7.Rf1e1 Bf8b4
8.c3 Bb4d6
 { time }
0-1

[Event "Chess Mail 2012"]
[Site "www.echecsemail.com"]
[Date "2020.03.06"]
[Round "1"]
[White "Boris"]
[Black "Bellako"]
[WhiteElo "1599"]
[BlackElo "1499"]
[Result "1-0"]
[Round "1"]
1.e4 e5
2.Bf1c4 Ng8f6
3.d3 Bf8e7
4.Ng1f3 d6
5.O-O O-O
6.Bc4b3 Nb8c6
7.c3 Bc8g4
8.h3 Bg4h5
9.Bc1e3 d5
10.exd5 Nf6xd5
11.Qd1e2  { time }
1-0

[Event "Chess Mail 2012"]
[Site "www.echecsemail.com"]
[Date "2020.03.06"]
[Round "1"]
[White "Bellako"]
[Black "Boris"]
[WhiteElo "1499"]
[BlackElo "1599"]
[Result "0-1"]
[Round "1"]
1.e4 d6
2.d4 Ng8f6
3.Nb1c3 g6
4.Ng1f3 Bf8g7
5.Bf1e2 O-O
6.O-O Nb8c6
7.Bc1g5 h6
8.Bg5xf6 Bg7xf6
9.d5 Nc6e5
10.Qd1d2 Ne5xf3
11.Be2xf3 Bf6g7
 { time }
0-1

[Event "Chess Mail 2012"]
[Site "www.echecsemail.com"]
[Date "2020.03.06"]
[Round "1"]
[White "Bellako"]
[Black "Pueblonuevo"]
[WhiteElo "1499"]
[BlackElo "2119"]
[Result "1-0"]
[Round "1"]
1.e4 d5
2.exd5 Qd8xd5
3.Nb1c3 Qd5a5
4.d4 Ng8f6
5.Bc1d2 c6
6.Ng1f3 Bc8g4
7.Bf1e2 Nb8d7
8.O-O e6
9.h3 Bg4h5
10.Nc3b5 Qa5b6
11.Nb5c3 Bh5xf3
12.Be2xf3 Qb6xd4
13.Qd1e2 Qd4b6
14.Ra1b1 Bf8e7
15.Bd2e3 Be7c5
16.Be3xc5 Qb6xc5
17.Rf1d1 O-O
18.Nc3e4 Qc5e7
19.Rd1d2 Rf8d8
20.Rb1d1 Nf6xe4
21.Bf3xe4 Nd7f6
22.Be4d3 Rd8d7
23.Qe2f3 Ra8d8
24.Qf3e3 b6
25.Qe3f3 c5
26.Qf3e3  { time }
1-0

[Event "fort knox"]
[Site "www.echecsemail.com"]
[Date "2020.03.06"]
[Round "1"]
[White "D2d4"]
[Black "Terrapin"]
[WhiteElo "2040"]
[BlackElo "2270"]
[Result "1-0"]
[Round "1"]
1.e4 e6
2.d4 d5
3.Nb1c3 dxe4
4.Nc3xe4 Bc8d7
5.Ng1f3 Bd7c6
6.Bf1d3 Nb8d7
7.O-O Ng8f6
8.Ne4xf6 gxf6
9.Bc1f4 Bf8d6
10.Bf4xd6 cxd6
11.Qd1e2 Qd8a5
12.a3 Qa5h5
13.Bd3e4 O-O
14.Be4xc6 bxc6
15.Qe2c4 Rf8c8
16.Qc4b4 c5
17.Qb4b7 Nd7b6
18.Qb7e7 cxd4
19.Nf3xd4  { time }
1-0

[Event "dutch chess"]
[Site "www.echecsemail.com"]
[Date "2020.03.06"]
[Round "1"]
[White "Terrapin"]
[Black "D2d4"]
[WhiteElo "2270"]
[BlackElo "2040"]
[Result "0-1"]
[Round "1"]
1.d4 f5
2.c4 Ng8f6
3.g3 d5
4.cxd5 Qd8xd5
5.Ng1f3 e6
6.Nb1c3 Qd5d8
7.Bc1g5 Bf8e7
8.Qd1b3 O-O
9.Bf1g2 Nb8c6
10.e3 h6
11.Bg5f4 Nf6d5
12.Nf3e5 Nc6xe5
13.Bf4xe5 c6
14.O-O Be7d6
15.Be5xd6 Qd8xd6
16.Rf1d1 Qd6c7
17.Ra1c1 Qc7b8
18.Nc3a4 Qb8d6
19.Na4c5 Ra8b8
20.Rd1d2 b6
 { time }
0-1